000 00819cam a2200265 i 4500
001 768714001
003 CO-MdBIC
005 20231124114218.0
008 231124t1980 -us||||| |||| 00| 0 eng d
020 _a0-918956-67-6
040 _bspa.
_aCO-MdFUSB
_cCO-MdFUSB
_dCO-MdFUSBC
_erda
041 _aeng
082 0 4 _aG 231.3 B8553h
100 1 _aBright, Bill
245 1 0 _aThe holy spirit : The key to supernatural living / Bill Bright
_c/
264 1 _aSan Bernardino, CA.: Campus Crusade for Christ International
_b Campus Crusade for Christ International,
_c[1980]
264 4 _c©1980
300 _a230 Pág.
_c;
336 _atexto
_btxt
_2rdacontent
337 _2rdamedia
_asin mediación
_bn
338 _2rdacarrier
_avolumen
_bnc
650 0 _950
_aEspíritu Santo
942 _cBK
945 _ajohan1477
999 _c42806
_d42806